000 00345 a2200157 4500
001 166699
020 _a
040 _cMagnum
100 _aSanto, Antonio Carlos do Espirito
240 1 0 _aHistorias pra boi dormir
_lpor
245 1 0 _aHistorias pra boi dormir
362 0 _a1899
440 1 _aBagaço
697 _aJ/SUSPENSE
942 _cBK
999 _c166699
_d166699